<?xml version="1.0" encoding="UTF-8"?>
<record
    xmlns:xsi="http://www.w3.org/2001/XMLSchema-instance"
    xsi:schemaLocation="http://www.loc.gov/MARC21/slim http://www.loc.gov/standards/marcxml/schema/MARC21slim.xsd"
    xmlns="http://www.loc.gov/MARC21/slim">

  <leader>00854nam a22003017a 4500</leader>
  <controlfield tag="001">23634</controlfield>
  <controlfield tag="003">AR-RoBPED</controlfield>
  <controlfield tag="005">20250415183317.0</controlfield>
  <controlfield tag="008">181126s2011    ag |||||||||||||| 0 spa|d</controlfield>
  <datafield tag="040" ind1=" " ind2=" ">
    <subfield code="a">AR-RoBPED</subfield>
  </datafield>
  <datafield tag="041" ind1=" " ind2=" ">
    <subfield code="a">spa</subfield>
  </datafield>
  <datafield tag="100" ind1="1" ind2=" ">
    <subfield code="9">23154</subfield>
    <subfield code="a">Rosas, Adolfo Norberto</subfield>
  </datafield>
  <datafield tag="245" ind1="1" ind2="3">
    <subfield code="a">La voz de la chaira /</subfield>
    <subfield code="c">Adolfo Norberto Rosas</subfield>
  </datafield>
  <datafield tag="250" ind1=" " ind2=" ">
    <subfield code="a">1a. ed.</subfield>
  </datafield>
  <datafield tag="260" ind1=" " ind2=" ">
    <subfield code="a">Rosario :</subfield>
    <subfield code="b">&#xDA;ltimo recurso, </subfield>
    <subfield code="c">2011.</subfield>
  </datafield>
  <datafield tag="300" ind1=" " ind2=" ">
    <subfield code="a">120 p.</subfield>
  </datafield>
  <datafield tag="504" ind1=" " ind2=" ">
    <subfield code="a">Bibliograf&#xED;a: p. 116-118</subfield>
  </datafield>
  <datafield tag="650" ind1=" " ind2="4">
    <subfield code="9">125</subfield>
    <subfield code="a">HISTORIA</subfield>
  </datafield>
  <datafield tag="650" ind1=" " ind2="4">
    <subfield code="a">ROSARIO</subfield>
    <subfield code="9">302</subfield>
  </datafield>
  <datafield tag="650" ind1=" " ind2="4">
    <subfield code="9">3558</subfield>
    <subfield code="a">BARRIO SALADILLO</subfield>
  </datafield>
  <datafield tag="650" ind1=" " ind2="4">
    <subfield code="9">13894</subfield>
    <subfield code="a">FRIGORIFICO SWIFT</subfield>
  </datafield>
  <datafield tag="650" ind1=" " ind2="4">
    <subfield code="9">2015</subfield>
    <subfield code="a">SOCIEDAD</subfield>
  </datafield>
  <datafield tag="650" ind1=" " ind2="4">
    <subfield code="9">10778</subfield>
    <subfield code="a">INDUSTRIA DE LA CARNE</subfield>
  </datafield>
  <datafield tag="650" ind1=" " ind2="4">
    <subfield code="9">2207</subfield>
    <subfield code="a">SINDICATOS</subfield>
  </datafield>
  <datafield tag="650" ind1=" " ind2="4">
    <subfield code="9">5622</subfield>
    <subfield code="a">CLASES SOCIALES</subfield>
  </datafield>
  <datafield tag="942" ind1=" " ind2=" ">
    <subfield code="2">udc</subfield>
    <subfield code="c">BK</subfield>
    <subfield code="h">94(821.61)</subfield>
    <subfield code="m">R 84 v</subfield>
  </datafield>
  <datafield tag="952" ind1=" " ind2=" ">
    <subfield code="0">0</subfield>
    <subfield code="1">0</subfield>
    <subfield code="2">udc</subfield>
    <subfield code="4">0</subfield>
    <subfield code="7">0</subfield>
    <subfield code="a">BPED</subfield>
    <subfield code="b">BPED</subfield>
    <subfield code="d">2018-10-11</subfield>
    <subfield code="l">1</subfield>
    <subfield code="m">3</subfield>
    <subfield code="o">94(821.61) R 84 v</subfield>
    <subfield code="p">37914</subfield>
    <subfield code="r">2019-05-13 00:00:00</subfield>
    <subfield code="s">2019-02-12</subfield>
    <subfield code="w">2018-11-26</subfield>
    <subfield code="y">BK</subfield>
    <subfield code="z">Se presta 15 d&#xED;as</subfield>
    <subfield code="x">rb 26/11/2018 ag 26/11/2018</subfield>
  </datafield>
  <datafield tag="999" ind1=" " ind2=" ">
    <subfield code="c">23634</subfield>
    <subfield code="d">23634</subfield>
  </datafield>
</record>
